South Eastern Kenya University

Library Online Public Access Catalogue


Student solutions manual, volume one: chapters 1-20, Sears and Zemansky's University physics with modern physics / (Record no. 9691)

MARC details
000 -LEADER
fixed length control field 00861cam a2200241 a 4500
020 ## - ISBN
International Standard Book Number 9780805321876 (v. 1)
020 ## - ISBN
International Standard Book Number 080532187X (v. 1)
020 ## - ISBN
International Standard Book Number 9780321500762 (v. 2)
020 ## - ISBN
International Standard Book Number 0321500768 (v. 2)
020 ## - ISBN
International Standard Book Number 9780321500779 (v. 3)
020 ## - ISBN
International Standard Book Number 0321500776 (v. 3)
050 00 - LIBRARY OF CONGRESS CALL NUMBER
Classification Number QC21.3
Item Number .Y68 2008
100 1# - MAIN ENTRY--Author
Personal name Young, Hugh D.
245 10 - TITLE
Title Student solutions manual, volume one: chapters 1-20, Sears and Zemansky's University physics with modern physics /
Statement of responsibility, etc Hugh D. Young, Roger A. Freedman ; contributing author, A. Lewis Ford.
250 ## - EDITIONSTATEMENT
Edition statement 12th ed. /
260 ## - PUBLICATION, DISTRIBUTION, ETC.(IMPRINT)
Place of publication, distribution, etc San Francisco :
Name of publisher, distributor, etc Pearson Addison-Wesley,
Date of publication, distribution, etc c2008.
300 ## - PHYSICAL DESCRIPTION
Extent 1 v. (various pagings) :
650 ## - SUBJECT--TOPIC
General subdivision Physics.
700 1# - ADDED ENTRY--PERSONAL AUTHOR
Personal Name Freedman, Roger A.
700 1# - ADDED ENTRY--PERSONAL AUTHOR
Personal Name Sears, Francis Weston,
856 41 - URL/ELECTRONIC LOCATION AND ACCESS
Uniform Resource Identifier <a href="http://www.loc.gov/catdir/toc/ecip072/2006032537.html">http://www.loc.gov/catdir/toc/ecip072/2006032537.html</a>
942 ## - ADDED ENTRY ELEMENTS(KOHA)
Source of classification or shelving scheme Library of Congress Classification
Koha item type General circulation
Holdings
Source of classification or shelving scheme Not for loan Location (home branch) Sublocation (holding branch) Shelving location Date accessioned Source of acquisition Full call number Barcode Nonpublic note Koha item type Public note
Library of Congress Classification   Main Campus Library Main Campus Library Non-fiction 06/11/2015 Donation - Books for Africa QC 21.3 .Y68 2008 2015/009370 Nzk General circulation Nzk
Kitui, Kenya.
+254736116989
library@seku.ac.ke